Biggest metro areas in PA - Statistics

General Stats
  • This quiz has been taken 58 times
  • The average score is 9 of 15
Answer Stats
Hint Answer % Correct
4,076,378 Philadelphia
100%
2,370,932 Pittsburgh
100%
560,000 Harrisburg
95%
567,559 Scranton
93%
723,642 Allentown
91%
280,000 Erie
91%
530,000 Lancaster
73%
410,000 Reading
70%
440,000 York
68%
160,000 State College
66%
140,00 Johnstown
41%
150,000 Chambersburg
20%
170,000 East Stroudsburg
20%
550,000 Youngstown
7%
150,000 Pottsville
5%
No matching quizzes found
Score Distribution
Percent of People with Each Score
Percentile by Number Answered
Your Score History
You have not taken this quiz